| 000 | 01057nam a2200229Ia 4500 | ||
|---|---|---|---|
| 003 | Ost | ||
| 005 | 20260507075035.0 | ||
| 008 | 260507s9999||||xx |||||||||||||| ||und|| | ||
| 020 | _a7311232977 | ||
| 040 | _cfsecg | ||
| 041 | _aara | ||
| 082 | _a330 | ||
| 100 |
_aالسيسي، صلاح الدين حسن _eمؤلف |
||
| 245 | 0 |
_aبورصات الأوراق المالية : _bالأهداف، الأهمية، السبل، مقومات النجاح / _c صلاح الدين حسن السيسي |
|
| 260 |
_aالقاهرة: _bعالم الكتب, _c2003 |
||
| 300 |
_a105 صفحة؛ _bإيضاحات ؛ _c24 سم |
||
| 520 | _aنشأة وتطور الأسواق المالية وأهميتها في النظم الإقتصادية- هيكل السوق المالي- أسواق الأوراق المالية- الأسواق العالمية العربية- أسواق النقد والمال الدولية | ||
| 653 | _aالأسواق المالية | ||
| 653 | _aالأوراق المالية | ||
| 653 | _aالبورصات | ||
| 942 | _cكتاب | ||
| 999 |
_c42445 _d42445 |
||